The aims of valuation (Record no. 81838)
[ view plain ]
| 000 -LEADER | |
|---|---|
| fixed length control field | 00733cab a22001935a 4500 |
| 001 - CONTROL NUMBER | |
| control field | L148444 |
| 008 - FIXED-LENGTH DATA ELEMENTS--GENERAL INFORMATION | |
| fixed length control field | 090918e20090724xxk of 000 0 eng d |
| 035 ## - SYSTEM CONTROL NUMBER | |
| System control number | (Sirsi) u148444 |
| 041 0# - LANGUAGE CODE | |
| Language code of text/sound track or separate title | eng |
| 100 1# - MAIN ENTRY--PERSONAL NAME | |
| Personal name | Crosby, Neil |
| 245 04 - TITLE STATEMENT | |
| Title | The aims of valuation |
| 260 ## - PUBLICATION, DISTRIBUTION, ETC. | |
| Date of publication, distribution, etc. | 2009 |
| 490 #0 - SERIES STATEMENT | |
| Series statement | Property Week |
| Volume/sequential designation | 75(30) 24 July 2009, 46-48(3) |
| 520 ## - SUMMARY, ETC. | |
| Summary, etc. | Neil Crosby raises questions about valuation accuracy and property values when property deals are few in number in an abridged version of a paper published by the Investment Property Forum. Readers' responses to RICS valuer accreditation plans are appended. |
| 590 ## - LOCAL NOTE (RLIN) | |
| Local note | KA |
| 651 #4 - SUBJECT ADDED ENTRY--GEOGRAPHIC NAME | |
| Geographic name | United Kingdom |
| Chronological subdivision | |
| 690 ## - LOCAL SUBJECT ADDED ENTRY--TOPICAL TERM (OCLC, RLIN) | |
| Topical term or geographic name as entry element | PROPERTY-PROPERTY VALUATION AND APPRAISAL |
| 942 ## - ADDED ENTRY ELEMENTS (KOHA) | |
| Suppress in OPAC | 0 |
| Withdrawn status | Lost status | Source of classification or shelving scheme | Damaged status | Not for loan | Home library | Current library | Shelving location | Date acquired | Total Checkouts | Full call number | Barcode | Date last seen | Copy number | Price effective from | Koha item type |
|---|---|---|---|---|---|---|---|---|---|---|---|---|---|---|---|
| Dewey Decimal Classification | London | London | Journal article | 18/09/2009 | L148444 | 148444-1001 | 06/08/2019 | 1 | 06/08/2019 | Journal article |